000 00863nam a22002415i 4500
001 176256
003 ES-MaACL
005 20250822063225.0
008 101228s1934 fr |||| | fre d
080 _a94(100)"04/14"
100 1 _aCalmette, Joseph,
_d1873-1952
_933767
245 1 2 _aL'elaboration du monde moderne /
_cpar Joseph Calmette ; avant-propos de S. Charléty.
260 _aParis :
_bPresses Universitaires de France,
_c1934.
300 _aXXXII, 584 p. ;
_c19 cm.
490 1 _aClio, introduction aux études historiques ;
_v5
500 _aÍndice.
504 _aBibliografía: p. XI-XXXII.
650 7 _aHistoria medieval
_2embne
_913411
700 1 _aCharléty, Sébastien.
_938084
830 1 _aClio, introduction aux études historiques ;
_v5
_9189992
852 _aES-MaACL
_jE-13919
_xOlim P-671
999 _c176256
_d176256